000 01047nam a2200229Ii 4500
003 JO-AjNU
008 230605s9999||||xx |||||||||||||| ||und||
017 _a1999/9/1670
040 _aJO-AjNU
_bara
_erda
_cJO-AjNU
041 _aara
050 1 4 _aBP80.A45.G47 1999
100 3 _aتحرير غرايبة، إبراهيم,
_eauthor
_952567
245 0 0 _aجمال الدين الأفغاني : عطاؤه الفكري ومنهجه الإصلاحي وقائع الحلقة الدراسية التي عقدت في عمان/الاردن بتاريخ 30رجب 1419هـ الموافق له 19 تشرين ثاني نوفمبر 1998م
250 _aط1
264 3 1 _aعمان: المعهد العالمي للفكر الاسلامي، 1999
300 _a468ص
336 _atext
_btxt
_2rdacontent
337 _aunmediated
_bn
_2rdamedia
338 _avolume
_bnc
_2rdacarrier
490 0 _aسلسلة حركات الاصلاح والتغيير5
650 4 _aالدعوة الاسلامية- جمال الدين الافغاني- تراجم
_952568
999 _aA23294
_c26862
_d26862